| 000 | 00758cab a2200301 4500 | ||
|---|---|---|---|
| 001 | ABS48389 | ||
| 008 | 090401t1993 xxu||||| |||| 00| 0 eng d | ||
| 035 | _a(Sirsi) u66457 | ||
| 041 | _aeng | ||
| 245 | _aCentrefolio: Reading-Bristol | ||
| 260 | _c1993 | ||
| 350 | _a0 | ||
| 490 |
_aCSW - The Property Week _v43(5) 29 April 1993, 27-59(13) |
||
| 650 | _aBATH | ||
| 650 | _aBERKSHIRE | ||
| 650 | _aBRISTOL DEVELOPMENT CORPORATION | ||
| 650 | _aBRISTOL | ||
| 650 | _aCHIPPENHAM | ||
| 650 | _aM4 CORRIDOR | ||
| 650 | _aMOTORWAYS | ||
| 650 | _aNEWBURY | ||
| 650 | _aPUBLIC TRANSPORT | ||
| 650 | _aREADING | ||
| 650 | _aSWINDON | ||
| 690 | _aPROPERTY-COMMERCIAL PROPERTY-COMMERCIAL PROPERTY MARKET | ||
| 942 | _n0 | ||
| 948 | _c04/03/1997 | ||
| 999 |
_c41519 _d41519 |
||